| 000 | 00383nam a2200133Ia 4500 | ||
|---|---|---|---|
| 008 | 150202s9999 xx 000 0 und d | ||
| 020 | _a553571717 | ||
| 050 |
_aFIC _bFIC |
||
| 100 | _aWalker, Mary Willis. | ||
| 245 |
_aSave us under the beetle's cellar / _cMary Willis Walker. |
||
| 260 |
_aNew York : _bBantam Books, _c1995. |
||
| 300 |
_a339 pages : _c18 cm. |
||
| 650 | _aFiction. | ||
| 999 |
_c282459 _d282459 |
||